00834nam a2200205Ia 4500003000900000008004100009020001800050040001600068080002400084111008100108245021900189260005000408300001300458490003900471650001400510650001600524700002900540700002100569710003800590IN-BaIIA211028s9999 xx 000 0 eng d a0-7354-0131-4 cIIA Library a524.834(082.2)bCOS aBrazilian School of Cosmology and GravitationcBrazild2002 July 29 - Aug. 9 0aCosmology and gravitationbXth Brazilian school of cosmology and gravitation held in Mangaratiba, Brazil, 29 July - 9 Aug 2002cedited by M. Novello and S. E. P. Bergliaff  aNew YorkbAmerican Institute of Physicsc2003 ax, 305p. aAIP conference proceedings; v. 668 aCosmology aGravitation aBergliaff, S. E. P., ed. aNovello, M., ed. aAmerican Institute of Physics